|
|
|
|
| LEADER |
01335nam a22003495a 4500 |
| 001 |
37834 |
| 003 |
BD-DhAAL |
| 005 |
20220227105403.0 |
| 008 |
951221s1995 bg b 001 0 eng |
| 999 |
|
|
|c 43590
|d 43590
|
| 010 |
|
|
|a 95910460
|
| 020 |
|
|
|a 9840512846
|
| 025 |
|
|
|a B-E-95910460
|
| 040 |
|
|
|a DLC
|c DLC
|d BD-DhAAL
|
| 042 |
|
|
|a lcode
|
| 043 |
|
|
|a a-bg---
|
| 050 |
0 |
0 |
|a HG5740.6.A3
|b R495 1995
|
| 082 |
|
|
|a 332.67095492
|2 23
|
| 100 |
1 |
|
|a Reza, Sadrel.
|9 46101
|
| 245 |
1 |
0 |
|a Transnational corporations in Bangladesh :
|b still at bay? /
|c Sadrel Reza.
|
| 260 |
|
|
|a Dhaka, Bangladesh :
|b University Press,
|c 1995.
|
| 300 |
|
|
|a xv, 200 pages ;
|c 22 cm.
|
| 504 |
|
|
|a Includes bibliographical references and index.
|
| 526 |
|
|
|a BIED
|
| 541 |
|
|
|a Complimentary copy from BIED
|e 37834
|
| 650 |
|
0 |
|a Investments, Foreign
|z Bangladesh.
|9 46102
|
| 650 |
|
0 |
|a Investments, Foreign
|x Government policy
|z Bangladesh.
|9 46103
|
| 650 |
|
0 |
|a Industrial organization
|z Bangladesh.
|9 46104
|
| 650 |
|
0 |
|a Industrial policy
|z Bangladesh.
|9 46105
|
| 852 |
|
|
|a Ayesha Abed Library
|c BIED Collection
|
| 942 |
|
|
|2 ddc
|c BK
|
| 952 |
|
|
|0 0
|1 0
|2 ddc
|4 0
|6 332_670954920000000_REZ
|7 0
|9 69905
|a BRACUL
|b BRACUL
|c GEN
|d 2022-02-27
|e Complimentary copy from BIED
|l 0
|o 332.67095492 REZ
|p 3010037834
|r 2022-02-27
|t 1
|w 2022-02-27
|y BK
|x Transferred from BIED to General Stacks
|